000 00903nam a22002777a 4500
001 BR8702916
003 BR-BrBNA
005 20230928092542.0
007 ta
008 230509b bl.||||| |||| 00| 0 por d
040 _aBR-BrBNA
_bpor
_cBiblioteca Nacional de Agricultura
041 _a(Por)
072 _aE14; E50
_b/G514
090 _ E14 BR8702916
110 1 _aComissao de Desenvolvimento do Vale do Jequitinhonha, Belo Horizonte, MG (Brasil)
_91974
245 1 _aSubsidio ao convenio INDA/CODEVALE [desenvolvimento economico, Minas Gerais]
260 3 _aBelo Horizonte, MG (Brasil):
_c1966.
300 _a76 p.
500 _a(*) Documento disponível no(a) CODEVALE, Belo Horizonte, MG (Brazil)
650 _aDESENVOLVIMENTO ECONOMICO
650 _aSANEAMENTO RURAL
650 _aASSISTENCIA SOCIAL
650 _aMINAS GERAIS
909 _a202309
_bLucia
_c55
_dLucia Elande
942 _cBK
999 _c39767
_d39767